Statistiques concernant Géographie par image - F

Cliquez ici pour prendre le quiz!

Statistiques générales

  • Ce quiz a été pris 5 028 fois
  • Le résultat moyen est 10 sur 18

Statistiques - réponses

Answer% Correct
France
93%
Finlande
93%
Floride
91%
Favela
84%
Florence
77%
Fuji
75%
Flandre
70%
Féroé
69%
Fidji
69%
Fjord
61%
Falaise
55%
Faille
47%
Fès
39%
Franche-Comté
24%
Francfort-sur-le-Main
22%
Fréjus
19%
Fuerteventura
18%
Fukuoka
13%

Distribution des résultats

Percentile par nombre de réponses

% des personnes avec chaque résultat

Votre développement - résultats

Vous n’avez pas pris ce quiz